000 00595nam a2200193Ia 4500
003 GCL
008 140319s9999 xx 000 0 ara d
040 _aGCL /
_cGCL
082 0 4 _aد
_b050
100 1 _aر.هـ. روبنز
245 1 0 _aموجز تاريخ علم اللغة (فى الغرب) : عالم المعرفة 227 /
_cر.هـ. روبنز
700 1 _aاحمد عوض
300 _a383 ص
490 _aعالم المعرفة
_v0
650 0 4 _aاللغات - تاريخ
650 0 4 _aاللغة العربية - علم
650 0 4 _aاللغات - الاصل
942 _2ddc
_cBK
999 _c51160
_d51160